00567nam a2200157Ia 4500008004100000020002200041050002000063100002800083245008000111250001000191260003000201300002000231650003200251952010900283999001700392120721s9999 xx 000 0 und d a978-970-810-502-6 aHQ771 C512 2008 aChávez, Martha Alicia aTu hijo tu espejo : un libro para padres valientes / Martha Alicia Chávez a2a ed aMéxico : Grijalbo, 2008 a152 p. ; 23 cm. a1. Niños - CrecimientoÌ 00104070a08b08d2011-01-26l1oHQ771 C512 2008p08 003823r2015-09-03s2015-09-03t1w2012-07-20yLB c82850d82850